UM Logo

The mediating role of attention in the association between math anxiety and math performance : (Record no. 21799)

MARC details
000 -LEADER
fixed length control field 01558nam a22003377a 4500
003 - CONTROL NUMBER IDENTIFIER
control field OSt
005 - DATE AND TIME OF LATEST TRANSACTION
control field 20260224103556.0
008 - FIXED-LENGTH DATA ELEMENTS--GENERAL INFORMATION
fixed length control field 240923b ||||| |||| 00| 0 eng d
040 ## - CATALOGING SOURCE
Transcribing agency 0
082 ## - DEWEY DECIMAL CLASSIFICATION NUMBER
Classification number DPer 370.15 J826 January-February 2023 v. 115 n. 1-2
100 ## - MAIN ENTRY--PERSONAL NAME
Personal name Li, Tianyu.
Relator term author.
9 (RLIN) 61518
245 ## - TITLE STATEMENT
Title The mediating role of attention in the association between math anxiety and math performance :
Remainder of title an eye-tracking study /
Statement of responsibility, etc. Tianyu Li, Michaela Quintero, Michael Galvan, Sierra Shanafelt, Leslie M. Hasty, Derek P. Spangler, Ian M. Lyons, Michéle M. M. Mazzocco, James R. Brockmole, Sara A. Hart, and Zhe Wang.
260 ## - PUBLICATION, DISTRIBUTION, ETC. (IMPRINT)
Place of publication, distribution, etc. Washington ;
Name of publisher, distributor, etc. American Psychological Association ,
Date of publication, distribution, etc. February 2023.
300 ## - PHYSICAL DESCRIPTION
Extent Volume 115, pages 229-240 :
Other physical details illustrations ;
Dimensions 28 cm.
500 ## - GENERAL NOTE
General note Journal of Educational Psychology, vol. 115, no. 2, pages 229-240, February 2023.
650 #0 - SUBJECT ADDED ENTRY--TOPICAL TERM
Topical term or geographic name as entry element Attention control.
9 (RLIN) 64918
650 #0 - SUBJECT ADDED ENTRY--TOPICAL TERM
Topical term or geographic name as entry element Mathematics anxiety.
9 (RLIN) 64919
650 #0 - SUBJECT ADDED ENTRY--TOPICAL TERM
Topical term or geographic name as entry element Eye movements.
9 (RLIN) 64921
700 ## - ADDED ENTRY--PERSONAL NAME
Personal name Li, Tianyu.
Relator term author.
9 (RLIN) 61518
700 ## - ADDED ENTRY--PERSONAL NAME
Personal name Quintero, Michaela.
Relator term author.
9 (RLIN) 61519
700 ## - ADDED ENTRY--PERSONAL NAME
Personal name Galvan, Michael.
Relator term author.
9 (RLIN) 61520
700 ## - ADDED ENTRY--PERSONAL NAME
Personal name Shanafelt, Sierra.
Relator term author.
9 (RLIN) 61521
700 ## - ADDED ENTRY--PERSONAL NAME
Personal name Hasty, Leslie M.
Relator term author.
9 (RLIN) 61522
700 ## - ADDED ENTRY--PERSONAL NAME
Personal name Spangler, Derek P.
Relator term author.
9 (RLIN) 61523
700 ## - ADDED ENTRY--PERSONAL NAME
Personal name Lyons, Ian M.
Relator term author.
9 (RLIN) 61524
700 ## - ADDED ENTRY--PERSONAL NAME
Personal name Mazzocco, Michéle M. M.
Relator term author.
9 (RLIN) 61525
700 ## - ADDED ENTRY--PERSONAL NAME
Personal name Brockmole, James R.
Relator term author.
9 (RLIN) 61526
700 ## - ADDED ENTRY--PERSONAL NAME
Personal name Hart, Sara A.
Relator term author.
9 (RLIN) 61527
700 ## - ADDED ENTRY--PERSONAL NAME
Personal name Wang, Zhe.
Relator term author.
9 (RLIN) 61528
942 ## - ADDED ENTRY ELEMENTS (KOHA)
Source of classification or shelving scheme Dewey Decimal Classification
Koha item type Periodicals
Holdings
Withdrawn status Lost status Source of classification or shelving scheme Damaged status Not for loan Collection code Home library Current library Date acquired Total Checkouts Full call number Date last seen Price effective from Koha item type Public note
    Dewey Decimal Classification     Periodicals UM Digos College - LIC UM Digos College - LIC 09/23/2024   DPer 370.15 J826 January-February 2023 v. 115 n. 1-2 09/23/2024 09/23/2024 Periodicals Periodical Article